Black Dresses Discography - Statistics

General Stats
  • This quiz has been taken 7 times
  • The average score is 40 of 108
Answer Stats
Hint Answer % Correct
WASTEISOLATION DOORWAY
83%
WASTEISOLATION ETERNAL NAUSEA
83%
HELL IS REAL HELL IS REAL
83%
WASTEISOLATION IN MY MOUTH
83%
Peaceful as Hell PLEASE BE NICE
83%
WASTEISOLATION WIGGLE
83%
DREAMS COME TRUE 2019 WIGGLE 2019
83%
LOVE AND AFFECTION FOR STUPID LITTLE BITCHES CARTOON NETWORK
67%
Peaceful as Hell CREEP U
67%
WASTEISOLATION LEGACY
67%
WASTEISOLATION RUNNER
67%
WASTEISOLATION SLITHER
67%
WASTEISOLATION THOUGHTS AND PRAYERS
67%
Peaceful as Hell 666
50%
Peaceful as Hell BLISS AND STUPIDITY
50%
LOVE AND AFFECTION FOR STUPID LITTLE BITCHES BLOOM
50%
LAUGHINGFISH CAT CUP
50%
Forever In Your Heart Concrete Bubble
50%
Non-Album Singles CRUSH
50%
THANK YOU DOG SHIT
50%
Forget Your Own Face doomspiral
50%
WASTEISOLATION DREAMING
50%
LOVE AND AFFECTION FOR STUPID LITTLE BITCHES DROOL
50%
Forget Your Own Face earth worm
50%
LAUGHINGFISH FEEL SOMETHING
50%
Forget Your Own Face GAY UGLY AND HARD TO UNDERSTAND
50%
Forever In Your Heart Heaven
50%
LOVE AND AFFECTION FOR STUPID LITTLE BITCHES HERTZ
50%
Forget Your Own Face Let's Be
50%
LAUGHINGFISH MAGIC EYE
50%
Peaceful as Hell MAYBE THIS WORLD IS ANOTHER PLANETS HELL
50%
LOVE AND AFFECTION FOR STUPID LITTLE BITCHES MUSIC
50%
Forget Your Own Face nightwish
50%
Forget Your Own Face NO NORMAL
50%
LAUGHINGFISH SILENCE
50%
THANK YOU THRU THE VOID
50%
HELL IS REAL U DONT KNOW
50%
Forget Your Own Face u_u2
50%
THANK YOU WATER
50%
THANK YOU WHEEL OF FORTUNE
50%
WASTEISOLATION WOUND
50%
LAUGHINGFISH ZERO FANTASY
50%
LAUGHINGFISH 1-800-THE-MOON
33%
Peaceful as Hell ANGEL HAIR
33%
THANK YOU BABY STEPS
33%
LAUGHINGFISH BAD VEGGIES
33%
Forever In Your Heart Bulldozer
33%
LAUGHINGFISH CAN'T KEEP THE KNOTS OUT
33%
Peaceful as Hell DAMAGE SUPRESSOR
33%
THANK YOU DEATH/BAD GIRL
33%
LAUGHINGFISH DON'T FORGIVE THE WORLD
33%
DREAMS COME TRUE 2019 DREAMS COME TRUE
33%
LAUGHINGFISH FANTA
33%
Forever In Your Heart Gone In An Instant
33%
LAUGHINGFISH GOOD THINGS HAPPEN
33%
THANK YOU HARMLESS
33%
LAUGHINGFISH IF YOU FIND ME GONE
33%
WASTEISOLATION IM EARTH
33%
Peaceful as Hell IMPOSSIBLE DREAM
33%
LAUGHINGFISH I STILL SEE EVERYTHING
33%
LAUGHINGFISH IT'S PROBABLY FINE
33%
Non-Album Singles Kill All Your Friends
33%
Peaceful as Hell LEFT ARM OF LIFE
33%
LOVE AND AFFECTION FOR STUPID LITTLE BITCHES MINDCRUSHED
33%
LOVE AND AFFECTION FOR STUPID LITTLE BITCHES MUTATIONS
33%
LOVE AND AFFECTION FOR STUPID LITTLE BITCHES MY HEART BEATS OUT OF TIME
33%
DREAMS COME TRUE 2019 NAUSEA 2019
33%
LAUGHINGFISH NO DAYS OFF
33%
Forever In Your Heart PEACESIGN!!!!!!!!!!!!!!!!!
33%
Forever In Your Heart Perfect Teeth
33%
Non-Album Singles PINK PANTHER
33%
LAUGHINGFISH ROTATION
33%
LOVE AND AFFECTION FOR STUPID LITTLE BITCHES STATIC
33%
THANK YOU THANK U
33%
THANK YOU THERES NOTHING HERE WORTH DYING FOR
33%
LAUGHINGFISH THE WORLD
33%
Forever In Your Heart Tiny Ball
33%
Peaceful as Hell BEAUTIFUL FRIENDSHIP
17%
Peaceful as Hell EXPRESS YOURSELF
17%
WASTEISOLATION GO INSIDE
17%
DREAMS COME TRUE 2019 GO INSIDE 2019
17%
Peaceful as Hell IM A FREAK CUZ IM ALWAYS FREAKED OUT
17%
LAUGHINGFISH LAST LOVE SONG ON THIS LITTLE PLANET
17%
THANK YOU LOOK AWAY
17%
Peaceful as Hell MiRRORGiRL
17%
Forever In Your Heart Mistake
17%
Forget Your Own Face MONEY MAKES YOU STUPID
17%
Non-Album Singles Paper Planes
17%
Forever In Your Heart Ragequitted
17%
Peaceful as Hell SCARED 2 DEATH
17%
Peaceful as Hell SHARP HALO
17%
LAUGHINGFISH STOOPID DREAM
17%
WASTEISOLATION TELL ME HOW U FEEL
17%
HELL IS REAL theres a halo around the moon
17%
HELL IS REAL TRY NEW THINGS
17%
Forever In Your Heart Understanding
17%
Forever In Your Heart Waiting42moro
17%
THANK YOU WASTEISOLATION
17%
Non-Album Singles We Are Children Of The Light
17%
Forever In Your Heart We'll Figure It Out
17%
Non-Album Singles WORLD PEACE
17%
Forever In Your Heart Zero Ultra
17%
Forever In Your Heart (Can't) Keep It Together
0%
LAUGHINGFISH CHAMPION IN DECAY
0%
Non-Album Singles gutz
0%
LAUGHINGFISH PURE REALITY
0%
Forever In Your Heart Silver Bells
0%
LAUGHINGFISH WOUNDED ANIMAL
0%
No matching quizzes found
Score Distribution
Percent of People with Each Score
Percentile by Number Answered
Your Score History
You have not taken this quiz